000 00551nam a22001937a 4500
003 MPLRDC
005 20220104195128.0
008 210129b ||||| |||| 00| 0 eng d
020 _a978-986-361-036-6
082 _a427.16 LM
100 _a辣妈 SHANIA
245 _a新食感!面包机变出85道中西料理
_c
250 _a初版
260 _a台湾
_b英属维京群岛商高宝国际有限公司台湾分公司
_c2014
300 _b
490 _a嬉生活 080
650 _a食谱--点心、糕饼制法
942 _cBK
_o427.16 LM
999 _c66028
_d66018